BIBLIOTHÈQUE DE LA MAISON DU MEXIQUE

Logo 1 Logo 2

Episodios nacionales (notice nᵒ 11964)

détails MARC
000 -Sello discográfico
campo de control de longitud fija 00974nam a2200289 4500
005 - Identificación de versión
campo de control 20251016084828.0
035 ## - Otros números de control del sistema
Número de control del sistema 6988
099 ## - fechas locales
Tipo de ítem Koha LIBRO
100 ## - Datos de procesamiento general
Datos de procesamiento general 20041007d1969 m y1spay5003 ba
105 ## - Campo de datos codificados: Material textual, monográfico
Datos codificados de monografía y 001ay
200 1# - Título y mención de responsabilidad
Título propio Episodios nacionales
Designación general del material texto impreso
Otra información del título El 19 de marzo y el 2 de mayo. Bailén
Primer mención de responsabilidad Benito Pérez Galdós
Declaración de responsabilidad subsiguiente nota preliminar Teresa Silva Tena
205 ## - Declaración de edición
Declaración de edición 1a ed
210 ## - Publicación, distribución, etc.
Lugar de publicación, distribución, etc. México
Nombre del editor, distribuidor, etc. Editorial Porrúa
Fecha de publicación, distribución, etc. 1969
215 ## - Descripción física
Designación de material específico y extensión del ítem XII, 218 p
Dimensiones 22 cm
345 ## - Nota de información de adquisición
Fuente de adquisición/dirección de la suscripción [OBSOLETO] Donación
410 #1 - Series
Título Colección "Sepan Cuantos ..."
Número de volumen 130
607 ## - Nombre geográfico utilizado como tema
Elemento de entrada España
Subdivisión temática Historia
Subdivisión cronológica Conquista napoleónica, 1808-1913
Subdivisión temática Novela
Número Koha 13687
700 ## - Nombre personal - Responsabilidad primaria
Elemento de entrada Pérez Galdós
Parte del nombre distinta del elemento de entrada Benito
Fechas 1843-1920
Número Koha 1914
702 ## - Nombre personal - Responsabilidad secundaria
Elemento de entrada Silva Tena
Parte del nombre distinta del elemento de entrada Teresa
Número Koha 13689
801 #0 - Fuente de origen
Agencia cm
900 ## -
-- 1/8388
900 ## -
-- 7100420154\071004
942 ## - ELEMENTOS DE ENTRADA SECUNDARIOS (KOHA)
Tipo de ítem Koha Livre
996 ## -
-- MEX
-- 751145101
-- MMAG
-- 012400
-- 080 S479 V.130
-- 20250210LIV
Exemplaires
Estatus retirado Estado de daño Estado de pérdida Fecha de adquisición Biblioteca de origen Biblioteca actual Ubicación en estantería Código de barras Precio de reemplazo Signatura topográfica completa No para préstamo Tipo de ítem Koha Nota pública Nota no pública
      05/08/2025 Casa México Paris Casa México Paris   012400 05/08/2025 080 S479 V.130   Livre 20250210LIV 751145101